00253nam a2200097Ia 4500008004100000100002300041245003100064260003200095300000800127650002000135190216s9999||||xx |||||||||||||| ||und|| aJhonson Pulimkunnu 0aKattadichu Kodumkattadichu bPoorna Pubs Kozhikodec1988 a175 aNovel Malayalam